Statistics for Biggest Cities Beginning With 'P'

Click here to take the quiz!

General Stats

  • This quiz has been taken 41 times
  • The average score is 36 of 259

Answer Stats

PopulationCountryCity% Correct
3,222,000North KoreaPyongyang
100%
2,148,271FranceParis
97%
1,763,336South AfricaPretoria
97%
1,874,578AustraliaPerth
95%
1,603,797United StatesPhiladelphia
95%
1,573,544CambodiaPhnom Penh
92%
1,324,277CzechiaPrague
92%
875,978HaitiPort-au-Prince
89%
648,260ItalyPalermo
84%
249,633PortugalPorto
84%
1,608,139United StatesPhoenix
82%
302,971United StatesPittsburgh
76%
652,503United StatesPortland
76%
204,721KosovoPristina
76%
430,299PanamaPanama City
74%
1,488,252BrazilPorto Alegre
74%
2,935,744IndiaPune
74%
182,153JamaicaPortmore
71%
364,125Papua New GuineaPort Moresby
71%
240,924SurinameParamaribo
66%
260,203United KingdomPlymouth
66%
264,320BeninPorto-Novo
66%
1,434,062MexicoPuebla
61%
876,436South AfricaPort Elizabeth
58%
194,150United KingdomPortsmouth
58%
1,051,583RussiaPerm
55%
136,473MontenegroPodgorica
55%
146,737MauritiusPort-Louis
53%
570,352PolandPoznań
50%
146,299ItalyParma
47%
1,218,773PakistanPeshawar
47%
138,699United StatesPasadena, CA
45%
151,950United StatesPasadena, TX
45%
340,494BulgariaPlovdiv
45%
760,152EgyptPort Said
45%
127,832Cabo VerdePraia
45%
1,441,500IndonesiaPalembang
42%
198,491SpainPamplona
37%
703,421NigeriaPort Harcourt
37%
203,725ItalyPadua
34%
168,034GreecePátra
34%
190,985United StatesPeoria, AZ
34%
113,150United StatesPeoria, IL
34%
145,292GermanyPotsdam
34%
401,270SpainPalma
32%
1,599,920IndiaPatna
32%
163,379United KingdomPeterborough
32%
715,334Republic of the CongoPointe-Noire
32%
394,561SudanPort Sudan
29%
190,934United StatesProvidence
29%
111,876United StatesPueblo
29%
120,137ItalyPerugia
26%
227,411IndiaPuducherry
26%
164,180CzechiaPlzeň
24%
156,649HungaryPécs
18%
150,092United KingdomPoole
18%
313,332United KingdomPreston
18%
142,161GermanyPaderborn
16%
210,103IndiaPāli
16%
204,851United StatesPort St. Lucie
16%
171,464KosovoPrizren
16%
115,162United StatesProvo
16%
1,347,200ChinaPútián
16%
169,450United StatesPalmdale
13%
290,500ArgentinaParaná
13%
159,732United StatesPaterson
13%
285,494United StatesPlano
13%
703,956IndonesiaPekanbaru
11%
116,596ItalyPescara
11%
475,238South AfricaPietermaritzburg
11%
130,777BelarusPinsk
11%
163,688GreecePiraeus
11%
228,851RomaniaPloieşti
11%
539,354BrazilPorto Velho
11%
181,820ItalyPrato
11%
203,342MexicoPuerto Vallarta
11%
141,984ChilePunta Arenas
11%
840,352IndonesiaPadang
8%
119,760United StatesPalm Bay
8%
171,178United StatesPembroke Pines
8%
512,602RussiaPenza
8%
520,698MalaysiaPetaling Jaya
8%
119,313GermanyPforzheim
8%
996,000ChinaPíngdĭngshān
8%
200,000NepalPokhara
8%
317,847UkrainePoltava
8%
151,713United StatesPomona
8%
604,100ChinaPúyáng
8%
857,993ChinaPánjĭn
5%
191,238United StatesParadise
5%
125,828United StatesPearland
5%
110,706FrancePerpignan
5%
265,025RussiaPetrozavodsk
5%
167,669RomaniaPitești
5%
118,349BrazilPoá
5%
502,916South KoreaPohang
5%
136,462GabonPort-Gentil
5%
220,260BoliviaPotosí
5%
201,990RussiaPskov
5%
269,398ChilePuerto Montt
5%
222,673PhilippinesPuerto Princesa
5%
874,954ChinaPŭníng
5%
170,841IndiaPuri
5%
256,584MexicoPachuca de Soto
3%
306,296BrazilPalmas
3%
354,285ColombiaPalmira
3%
282,431IndonesiaPalu
3%
117,395LithuaniaPanevėžys
3%
656,000ChinaPānzhīhuā
3%
617,301PhilippinesPasig City
3%
115,337BrazilPassos
3%
392,589ColombiaPasto
3%
329,002KazakhstanPavlodar
3%
343,132BrazilPelotas
3%
200,529MozambiquePemba
3%
477,027ColombiaPereira
3%
200,920KazakhstanPetropavl
3%
187,282RussiaPetropavlovsk-Kamchatsky
3%
306,678BrazilPetrópolis
3%
102,688RomaniaPiatra Neamţ
3%
1,284,606IndiaPimpri
3%
346,892ChinaPínghú
3%
114,225VietnamPleiku
3%
118,675BulgariaPleven
3%
227,407South AfricaPolokwane
3%
112,046United StatesPompano Beach
3%
132,502Puerto Rico (US)Ponce
3%
455,173IndonesiaPontianak
3%
112,050IndiaPort Blair
3%
230,371BrazilPresidente Prudente
3%
177,797IndiaProddatūr
3%
109,502GuatemalaPuerto Barrios
3%
110,500ArgentinaPuerto Madryn
3%
135,308MyanmarPyay
3%
197,735South AfricaPaarl
0%
186,781BangladeshPābna
0%
124,946IndonesiaPadalarang
0%
100,561IndonesiaPadangsidempuan
0%
186,852PhilippinesPagadian
0%
182,926ThailandPak Kret
0%
126,938MyanmarPakokku
0%
126,706PakistanPakpattan
0%
148,139IndonesiaPalangkaraya
0%
123,294IndiaPālanpur
0%
132,728IndiaPālghāt
0%
175,272BrazilPalhoça
0%
128,700VenezuelaPalo Negro
0%
129,273IndonesiaPalopo
0%
121,965IndiaPalwal
0%
114,290IndonesiaPamanukan
0%
174,557IndonesiaPamulang
0%
200,000IndiaPanchkula
0%
125,933IndonesiaPangkalpinang
0%
378,705IndiaPānihāti
0%
292,808IndiaPānīpat
0%
228,004ChinaPánshí
0%
128,046IndiaPanvel
0%
176,237ChinaPánzhōu
0%
114,503BrazilParagominas
0%
255,478BeninParakou
0%
156,174BrazilParanaguá
0%
289,629IndiaParbhani
0%
140,000IndonesiaParepare
0%
115,363BrazilParintins
0%
115,611SpainParla
0%
153,482BrazilParnaíba
0%
267,036BrazilParnamirim
0%
104,836MexicoParral
0%
101,661IranPārsābād
0%
193,898IndonesiaParung
0%
416,522PhilippinesPasay
0%
204,722BrazilPasso Fundo
0%
158,600IndonesiaPasuruan
0%
117,863IndiaPātan
0%
174,306IndiaPathānkot
0%
237,089MyanmarPathein
0%
122,785IndonesiaPati
0%
329,224IndiaPatiāla
0%
108,192BrazilPatos
0%
153,585BrazilPatos de Minas
0%
112,003BrazilPaulínia
0%
334,376BrazilPaulista
0%
118,516BrazilPaulo Afonso
0%
115,932UkrainePavlohrad
0%
121,572IndonesiaPayakumbuh
0%
257,945IndonesiaPekalongan
0%
184,149IndonesiaPemalang
0%
209,614IndonesiaPematangsiantar
0%
101,058ChilePeñaflor
0%
366,000ChinaPéngzhōu
0%
157,174IndonesiaPerbaungan
0%
139,981GreecePeristéri
0%
133,600RussiaPervouralsk
0%
145,861GuatemalaPetapa
0%
441,700VenezuelaPetare
0%
200,000IsraelPetaẖ Tiqwa
0%
271,175HaitiPétionville
0%
354,317BrazilPetrolina
0%
100,146IndiaPhagwāra
0%
160,652VietnamPhan Thiết
0%
103,427ThailandPhitsanulok
0%
171,333ThailandPhra Pradaeng
0%
182,959ColombiaPiedecuesta
0%
150,178MexicoPiedras Negras
0%
299,077ArgentinaPilar
0%
131,008IndiaPīlibhīt
0%
145,632CubaPinar del Río
0%
170,132BrazilPindamonhangaba
0%
427,694ChinaPíngdù
0%
248,421ChinaPíngliáng
0%
113,631ChinaPingshan
0%
716,229ChinaPíngxiāng
0%
133,490BrazilPinhais
0%
407,252BrazilPiracicaba
0%
128,630ColombiaPitalito
0%
522,400PeruPiura
0%
631,572ChinaPīzhōu
0%
149,923MexicoPlaya del Carmen
0%
127,474PolandPłock
0%
167,105IndonesiaPlumbon
0%
168,641BrazilPoços de Caldas
0%
179,400RussiaPodolsk
0%
105,512IndiaPonnāni
0%
355,336BrazilPonta Grossa
0%
325,477ColombiaPopayán
0%
138,872IndiaPorbandar
0%
126,500VenezuelaPorlamar
0%
150,658BrazilPorto Seguro
0%
206,682EcuadorPortoviejo
0%
361,400ArgentinaPosadas
0%
148,804South AfricaPotchefstroom
0%
152,549BrazilPouso Alegre
0%
185,242MexicoPoza Rica de Hidalgo
0%
103,470IndonesiaPrabumulih
0%
330,845BrazilPraia Grande
0%
181,656IndonesiaProbolinggo
0%
219,000RussiaProkopyevsk
0%
380,000PeruPucallpa
0%
112,118IndiaPudukkottai
0%
645,909VenezuelaPuente Alto
0%
296,500ChinaPu'er City
0%
116,300VenezuelaPuerto Ayacucho
0%
191,000VenezuelaPuerto Cabello
0%
299,500VenezuelaPuerto La Cruz
0%
118,496Dominican RepublicPuerto Plata
0%
104,277ChinaPulandian
0%
350,000IndiaPunāsa
0%
137,800PeruPuno
0%
113,800VenezuelaPunta Cardón
0%
154,100VenezuelaPunto Fijo
0%
198,453IndiaPurnia
0%
122,533IndiaPuruliya
0%
215,803IndonesiaPurwakarta
0%
150,206IndonesiaPurwodadi
0%
217,222IndonesiaPurwokerto
0%
102,816RussiaPushkino
0%
142,865RussiaPyatigorsk
0%
117,303MyanmarPyin Oo Lwin
0%
100,000North KoreaPyŏngsŏng
0%

Score Distribution

Percentile by Number Answered

Percent of People with Each Score

Your Score History

You have not taken this quiz